000
00294nam a22001337a 4500
008
180202b xxu||||| |||| 00| 0 eng d
020
_a
9780312603199
041
_a
eng
080
_a
37
100
_a
48
101
_a
EDU
245
_a
THE WRITER ACDEMICA WRITER
_c
LISA.E
942
_2
udc
_c
BK
999
_c
41705
_d
41705